| 000 | 00788nam a22002417a 4500 | ||
|---|---|---|---|
| 999 |
_c14711 _d14711 |
||
| 003 | AR-CdUCM | ||
| 008 | 190424b ||||| |||| 00| 0 spa d | ||
| 020 | _a978-612-4039-75-1 | ||
| 040 |
_aMUNICIPALIDAD PROVINCIAL DEL CUSCO _cBIBLIOTECA MUNICIPAL DEL CUSCO |
||
| 041 | _hspa | ||
| 082 |
_aEP / 800 _bC72 |
||
| 100 |
_aColchado Lucio, Oscar _913556 |
||
| 245 |
_aCholito y el niño Manuelito : _bNavidad en los Andes / |
||
| 260 |
_aPerú : _bAlfaguara, _c2011. |
||
| 300 |
_bIlustraciones, _c22 cm. |
||
| 500 | _aNo cuenta con numeración de paginas | ||
| 650 |
_aAlfaguara infantil _933579 |
||
| 650 |
_aLiteratura infantil _9588 |
||
| 650 |
_aNavidad en los andes _933580 |
||
| 700 |
_aYcaza, Roger (ilustraciones) _933581 |
||
| 942 |
_2ddc _cLIBROS |
||
| 945 |
_adavv _d24/04/2017 |
||